| 000 | 01085cam a22003377a 4500 | ||
|---|---|---|---|
| 001 | 12609611 | ||
| 003 | OSt | ||
| 005 | 20140408084859.0 | ||
| 008 | 011205s2000 nyu j 000 0 eng d | ||
| 010 | _a 2001277753 | ||
| 020 | _a0439328543 | ||
| 035 | _a(OCoLC)ocm48452987 | ||
| 040 |
_aCQU _cCQU _dDLC |
||
| 042 | _alccopycat | ||
| 050 | 0 | 0 |
_aGV 200.18 _b.St76 2001 |
| 100 | 1 |
_aStorm, Rory, _d1958- _929871 |
|
| 245 | 1 | 0 |
_aMountain survivor's guide / _cRory Storm. |
| 260 |
_aNew York : _bScholastic Inc., _c2001. |
||
| 300 |
_a126 p. : _bill. ; _c20 cm. |
||
| 520 | _aInformation and real survival stories give you what you need to know to be a mountain survivor. | ||
| 521 | _aG11 | ||
| 526 | _c1140 | ||
| 562 | _e1 | ||
| 650 | 0 |
_aWilderness survival _vJuvenile literature. _929872 |
|
| 650 | 0 |
_aMountaineering _xSafety measures _vJuvenile literature. _929873 |
|
| 650 | 0 |
_aSurvival _vJuvenile literature. _929874 |
|
| 906 |
_a7 _bcbc _ccopycat _d3 _encip _f20 _gy-gencatlg |
||
| 942 |
_2lcc _cBK |
||
| 999 |
_c35051 _d35051 |
||